LEADER 02769nam 2200673 450 001 9910139003203321 005 20200520144314.0 010 $a3-527-65600-6 010 $a3-527-65598-0 010 $a3-527-65601-4 035 $a(CKB)2550000001123453 035 $a(EBL)1420233 035 $a(OCoLC)862830262 035 $a(SSID)ssj0001155640 035 $a(PQKBManifestationID)11751495 035 $a(PQKBTitleCode)TC0001155640 035 $a(PQKBWorkID)11187820 035 $a(PQKB)11392294 035 $a(MiAaPQ)EBC1420233 035 $a(Au-PeEL)EBL1420233 035 $a(CaPaEBR)ebr10768955 035 $a(CaONFJC)MIL525170 035 $a(PPN)178873616 035 $a(EXLCZ)992550000001123453 100 $a20131011h20142014 uy| 0 101 0 $aeng 135 $aur|n|---||||| 181 $ctxt 182 $cc 183 $acr 200 00$aData mining in drug discovery /$fedited by Re?my D. Hoffmann, Arnaud Gohier, and Pavel Pospisil 210 1$aWeinheim :$cWiley-VCH,$d[2014] 210 4$d©2014 215 $a1 online resource (347 p.) 225 1 $aMethods and principles in medicinal chemistry ;$vvol. 57 300 $aDescription based upon print version of record. 311 $a3-527-32984-6 311 $a1-299-93919-8 320 $aIncludes bibliographical references and index. 327 $apart one. Data sources -- part two. Analysis and enrichment -- part three. Applications to polypharmacology -- part four. system biology approaches. 330 $a Written for drug developers rather than computer scientists, this monograph adopts a systematic approach to mining scientifi c data sources, covering all key steps in rational drug discovery, from compound screening to lead compound selection and personalized medicine. Clearly divided into four sections, the first part discusses the different data sources available, both commercial and non-commercial, while the next section looks at the role and value of data mining in drug discovery. The third part compares the most common applications and strategies for polypharmacology, where data mining 410 0$aMethods and principles in medicinal chemistry ;$vv. 57. 606 $aDrug development$xComputer simulation 606 $aData mining 606 $aDrugs$xResearch 615 0$aDrug development$xComputer simulation. 615 0$aData mining. 615 0$aDrugs$xResearch. 676 $a615.102856312 701 $aHoffmann$b Re?my D$0968298 701 $aGohier$b Arnaud$0968299 701 $aPospisil$b Pavel$0968300 801 0$bMiAaPQ 801 1$bMiAaPQ 801 2$bMiAaPQ 906 $aBOOK 912 $a9910139003203321 996 $aData mining in drug discovery$92199261 997 $aUNINA LEADER 01474nam2 22003853i 450 001 RMS0175956 005 20251003044344.0 010 $a0387952284 010 $a9780387952284 100 $a20090326d2003 ||||0itac50 ba 101 | $aeng 102 $aus 181 1$6z01$ai $bxxxe 182 1$6z01$an 183 1$6z01$anc$2RDAcarrier 200 1 $aˆ2: ‰Spatial models and biomedical applications$fJ.D. Murray 205 $a3. ed 210 $aNew York [etc.]$cSpringer$dc2003 215 $axxv, 811 p.$c298 ill.$d25 cm 300 $aBibliografia: [761]-790 p. 461 1$1001MIL0587025$12001 $aMathematical biology$fJ.D. Murray$v2 606 $aBiologia$xModelli matematici$2FIR$3CFIC094624$9E 606 $aBiomatematica$2FIR$3CFIC029516$9E 676 $a570.1$9SCIENZE DELLA VITA. BIOLOGIA. Filosofia e teoria$v14 676 $a570.15118$9SCIENZE DELLA VITA BIOLOGIA. Modelli matematici (Simulazione matematica)$v22 696 $aScienze biologiche 699 $aBiologia$zScienze biologiche 700 1$aMurray$b, James Dickson$f <1931->$3MILV015319$4070$023272 801 3$aIT$bIT-000000$c20090326 850 $aIT-BN0095 912 $aRMS0175956 950 2$aBiblioteca Centralizzata di Ateneo$cv. 1-2$d 01SALA DING 570.1 MUR.ma$e 0102 0000047165 VMA A4(0002 v. 2$fY $h20030317$i20030317 977 $a 01 996 $aSpatial models and biomedical applications$9103248 997 $aUNISANNIO